Bežné stavebné práce 801-1 : smerné orientačné nástroje (oceňovacie a kalkulačné) stavebných prác 1999 I. diel

Bibliographic Details
Format: Book
Language:Slovak
PhysicalDescription:389 s. 21 cm
Published: Bratislava Cenekon obchodná organizácia 1999
ISBN:(brož.)
Edition:[1. vyd.]
Subjects:

MARC

LEADER 00000nam a2200000 a 4500
001 vtls009344402
003 SK-MaSNL
005 20260425225723.0
008 081008s1999 xo f c 000 0 slo
020 |a (brož.) 
040 |a SNK  |b slo  |c SNK  |e AACR2 
041 0 |a slo 
043 |a e-xo--- 
044 |a xo  |c SK 
072 7 |a 69  |x Stavebníctvo  |2 konspekt 
080 |a 69.05  |2 2001 
080 |a 338.5  |2 2001 
080 |a (437.6)  |2 2001 
080 |a (085.6/.7)  |2 2001 
080 |a (083.81)  |2 2001 
245 0 0 |a Bežné stavebné práce  |b 801-1 : smerné orientačné nástroje (oceňovacie a kalkulačné) stavebných prác 1999  |n I. diel 
246 3 |a 801-1 Bežné stavebné práce 
250 |a [1. vyd.] 
260 |a Bratislava  |b Cenekon obchodná organizácia  |c 1999 
300 |a 389 s.  |c 21 cm 
500 |a Názov z obalu 
650 0 7 |a stavebné práce  |2 SNKPH  |9 68050 
650 0 7 |a ceny  |2 SNKPH  |9 2113 
651 7 |a Slovensko  |2 SNKPH  |9 14231 
655 7 |a cenníky  |2 SNKPH  |9 70748 
655 7 |a katalógy  |2 SNKPH  |9 60821 
999 |c 656913  |d 658843 
952 |a SNK  |b SNK  |y PREZ  |7 0  |p 17A0569891  |o snkOSC 24596/1  |i snk2008/18931  |8 1  |0 0  |1 0  |4 0  |d 2008-10-08  |l 0  |r 2026-02-23 18:41:17  |w 2026-02-23